Statistics for Hindi Counting

Click here to take the quiz!

General Stats

  • This quiz has been taken 78 times
  • The average score is 8 of 10

Answer Stats

HintAnswer% Correct
2do
96%
1ek
96%
4chaar
91%
3teen
91%
5panch
82%
7saat
80%
10dus
77%
9nau
64%
8aath
50%
6chah
45%

Score Distribution

Percentile by Number Answered

Percent of People with Each Score

Your Score History

You have not taken this quiz